000 00328nam a22001337a 4500
008 181204b xxu||||| |||| 00| 0 eng d
020 _a9780673990877
041 _aeng
080 _a370
100 _a49
101 _aEDU
245 _aPhonics They Use Words For Reading And Writing
_cPatricia,M C
942 _2udc
_cBK
999 _c52791
_d52791